Joueurs de foot les plus titrés par pays - Statistiques

Statistiques générales
  • Ce quiz a été pris 555 fois
  • Le résultat moyen est 8 sur 20
Statistiques - réponses
Pays Joueurs % Correct
Argentine Lionel Messi
100%
Portugal Christiano Ronaldo
84%
Croatie Luka Modric
75%
Uruguay Luis Suárez
57%
Sénégal Sadio Mané
55%
Allemagne Thomas Müller
55%
Belgique De Bruyne
53%
France Benzema
52%
Brésil Dani Alves
51%
Espagne Andres Iniesta
47%
Colombie James Rodríguez
44%
Pays-bas Johan Cruyff
39%
Suisse Xherdan Shaqiri
18%
Danemark Peter Schmeichel
15%
Mexique Hugo Sánchez
10%
Italie Marco Verratti
10%
Japon Yasuhito Endo
1%
Maroc Badr El Kaddouri
0%
États-unis DaMarcus Beasley
0%
Angleterre Phil Neal
0%
Aucun quiz correspondant
Distribution des résultats
% des personnes avec chaque résultat
Percentile par nombre de réponses
Votre historique - résultats
Vous n’avez pas pris ce quiz